| 000 -CABECERA |
| fixed length control field |
00857nam a22002177a 4500 |
| 003 - IDENTIFICADOR DEL NÚMERO DE CONTROL |
| control field |
AR-CdUCM |
| 008 - DATOS DE LONGITUD FIJA--INFORMACIÓN GENERAL |
| fixed length control field |
190329b ||||| |||| 00| 0 spa d |
| 040 ## - FUENTE DE LA CATALOGACIÓN |
| Agencia/entidad que catalogó originalmente la obra |
MUNICIPALIDAD PROVINCIAL DEL CUSCO |
| Entidad que transcribió la catalogación |
BIBLIOTECA MUNICIPAL DEL CUSCO |
| 082 ## - NÚMERO DE LA CLASIFICACIÓN DECIMAL DEWEY |
| No. de la edición |
4ed. |
| No. de Clasificación |
985.81 / |
| Notacion interna |
AL35 / 1945 |
| 100 ## - ENTRADA PRINCIPAL--NOMBRE DE PERSONA |
| Nombre Personal |
Alayza, Luis |
| 245 ## - MENCIÓN DE TÍTULO |
| Título |
Mi País : |
| Resto del título |
Ciudades, valles y playas de la costa del Perú / |
| 260 ## - PUBLICACIÓN, DISTRIBUCIÓN, ETC. |
| Lugar de publicación, distribución, etc. |
Perú : |
| Nombre de la editorial, distribuidor, etc. |
Publicidad Americana, |
| Fecha de publicación, distribución, etc. |
1945. |
| 300 ## - DESCRIPCIÓN FÍSICA |
| Nº de Páginas Extensión |
308 páginas ; |
| Otros detalles físicos |
retrato, |
| Dimensiones |
24 cm. |
| 505 ## - NOTA DE CONTENIDO CON FORMATO |
| Nota de contenido formateada |
Contenido: El Rimac -- Lima y Callao -- El Real Felípe -- La Costa -- El Sur -- El Pachacamac el Mala y el Cañete -- El San Juan el Matagente y el Pisco -- El río Ica y el río Grande ... |
| 650 ## - PUNTO DE ACCESO ADICIONAL DE MATERIA--TÉRMINO DE MATERIA |
| Descriptor |
Historia |
| 9 (RLIN) |
136 |
| 650 ## - PUNTO DE ACCESO ADICIONAL DE MATERIA--TÉRMINO DE MATERIA |
| Descriptor |
Perú |
| 9 (RLIN) |
35 |
| 650 ## - PUNTO DE ACCESO ADICIONAL DE MATERIA--TÉRMINO DE MATERIA |
| Descriptor |
Lima-Ica-Callao |
| 9 (RLIN) |
26989 |
| 650 ## - PUNTO DE ACCESO ADICIONAL DE MATERIA--TÉRMINO DE MATERIA |
| Descriptor |
El pisco |
| 9 (RLIN) |
26990 |
| 942 ## - ELEMENTOS DE PUNTO DE ACCESO ADICIONAL (KOHA) |
| Fuente de clasificación |
|
| Tipo de item |
Libros-BMC |
| 945 ## - PROCESAMIENTO DE INFORMACIÓN LOCAL (OCLC) |
| Catalogador |
achl |